000 00763naa a22002417a 4500
001 BR7326234
003 BR-BrBNA
005 20240918173543.0
007 ta
008 230509b bl.||||| |||| 00| 0 por d
040 _aBR-BrBNA
_bpor
_cBiblioteca Nacional de Agricultura
041 _a(Pt)
072 _aL00
_b5213
090 _aL00 BR7326234
100 1 _aAnon.
245 1 _aComo julgar animais de corte
260 3 _aPorto Alegre, RS (Brasil):
_c1959.
500 _aManual de pecuaria de corte Porto Alegre, RS (Brasil): 1959. p. 11-23 (BR7326234-AM)L00
650 _aGADO DE CORTE
773 0 _tManual de pecuaria de corte
_w5213 BR7326232
_gPorto Alegre, RS (Brasil), 1959.
_q58 p.
909 _a202404
_bLucia
_c55
_dLucia Elande
942 _cAM
_2AGRIS
999 _c305357
_d305357